The practice effect

Guardat en:
Dades bibliogràfiques
Autor principal: BRIN, David
Format: Llibre
Idioma:anglès
Publicat: Bantam Books 1994
Etiquetes: Afegir etiqueta
Sense etiquetes, Sigues el primer a etiquetar aquest registre!

MARC

LEADER 00000nam a22000007a 4500
008 210621b ||||| |||| 00| 0 eng d
020 |a 055326981x 
100 |a BRIN, David 
245 |a The practice effect  |c David Brim  |g 277p. 
260 |b Bantam Books  |c 1994  |h New York  |i 694146  |l PS129.B76  |m Science fiction - Authorship 
942 |a lcc  |c BK  |e ADEYEYE Y.S.  |f 21/06/2021 
952 |0 0  |1 0  |2 lcc  |4 0  |6 PS0129 B76  |7 0  |9 2680  |a HOL  |b HOL  |c LP  |d 2021-06-21  |l 0  |o PS129.B76  |p 2021-6525  |r 2021-06-21 00:00:00  |w 2021-06-21  |y BK 
999 |c 1397  |d 1397